[Event "POL-ch disabled"]
[Site "Chotowa"]
[Date "2007.05.30"]
[Round "7.22"]
[White "Muller, Marcin"]
[Black "Czerwiak, Marian"]
[Result "1-0"]
[WhiteElo "1728"]
[BlackElo "271"]
[PlyCount "75"]
[EventDate "2007.05.26"]
[EventType "swiss"]
[EventRounds "9"]
[EventCountry "POL"]
[SourceTitle "EXT 2023"]
[Source "ChessBase"]
[SourceDate "2022.10.05"]
[SourceVersion "1"]
[SourceVersionDate "2022.10.05"]
[SourceQuality "1"]

1. e4 c5 2. Nf3 d6 3. Nc3 Nf6 4. h3 Nc6 5. d4 cxd4 6. Nxd4 a6 7. Be3 e6 8. a3 Be7 9. Bd3 Bd7 10. 0-0 0-0 11. b4 b5 12. Nxc6 Bxc6 13. f3 Qc7 14. f4 Bb7 15. Bd2 d5 16. e5 Nd7 17. Qe2 Nb6 18. g4 Nc4 19. Bxc4 bxc4 20. Be3 Qc6 21. Bd4 Bd8 22. Qe3 f6 23. Kg2 Bc7 24. Rae1 Rf7 25. exf6 Rxf6 26. Kg3 Rf7 27. Qxe6 Qxe6 28. Rxe6 Raf8 29. Ne2 g5 30. Be5 gxf4+ 31. Rxf4 Bxe5 32. Rxe5 Rxf4 33. Nxf4 d4 34. Re7 Rf7 35. Re8+ Rf8 36. Rxf8+ Kxf8 37. Ne6+ Ke7 38. Nxd4 1-0

[Event "POL-ch disabled"]
[Site "Chotowa"]
[Date "2007.05.26"]
[Round "1.19"]
[White "Czerwiak, Marian"]
[Black "Olszewski, Jerzy"]
[Result "0-1"]
[WhiteElo "271"]
[BlackElo "1946"]
[PlyCount "90"]
[EventDate "2007.05.26"]
[EventType "swiss"]
[EventRounds "9"]
[EventCountry "POL"]
[SourceTitle "EXT 2023"]
[Source "ChessBase"]
[SourceDate "2022.10.05"]
[SourceVersion "1"]
[SourceVersionDate "2022.10.05"]
[SourceQuality "1"]

1. g3 e5 2. Bg2 d5 3. d3 Nf6 4. Nd2 Bd6 5. e4 c6 6. Ne2 Be6 7. 0-0 Qc8 8. Re1 Bh3 9. Bh1 Bc5 10. exd5 cxd5 11. Nf4 Bxf2+ 12. Kxf2 Qc5+ 13. Ke2 exf4 14. Nf3 0-0 15. d4 Qb5+ 16. Qd3 Qxd3+ 17. Kxd3 fxg3 18. hxg3 Nc6 19. Bf4 Bf5+ 20. Kc3 Be4 21. Ne5 Rac8 22. Nxc6 Rxc6+ 23. Kb4 Rxc2 24. b3 Rfc8 25. Be5 Bxh1 26. Bxf6 Be4 27. Be5 f6 28. Bf4 Kf7 29. a4 Ke6 30. Rac1 Kf5 31. Rxc2 Rxc2 32. Rf1 a6 33. Bb8+ Kg4 34. Rf4+ Kh3 35. Rh4+ Kg2 36. g4 Kf3 37. Rh1 Rc8 38. Bd6 Rc6 39. Bb8 g5 40. Rg1 b6 41. Rg3+ Kf2 42. Rh3 Bg6 43. a5 bxa5+ 44. Ka4 f5 45. gxf5 Bxf5 0-1